| 000 | 00886cam a2200253 4500 | ||
|---|---|---|---|
| 008 | 090401t1993 xxu||||| |||| 00| 0 eng d | ||
| 020 | _a0117528064 | ||
| 035 | _a(Sirsi) u67361 | ||
| 041 | _aeng | ||
| 050 | _a306.65 | ||
| 110 |
_aUnited Kingdom _bDepartment of the Environment _9982 |
||
| 245 | _aEnglish House Condition Survey 1991: preliminary report on unfit dwellings | ||
| 260 |
_aLondon _bHMSO _c1993 |
||
| 300 | _aiv,64p. ; 30cm. | ||
| 350 | _a12 | ||
| 520 | _aDescribes the characteristics and incidence of unfit dwellings. Also considers the change in the number of unfit dwellings between the 1986 and 1991 surveys and the impact of the change in the fitness standard. | ||
| 650 | _aENGLISH HOUSE CONDITION SURVEY | ||
| 650 | _aFITNESS STANDARDS | ||
| 650 | _aHOUSING | ||
| 650 | _aUNFIT DWELLINGS | ||
| 690 | _aHOUSING | ||
| 942 | _n0 | ||
| 948 | _c04/03/1997 | ||
| 999 |
_c94995 _d94995 |
||